| 000 | 00507nam a22001577a 4500 | ||
|---|---|---|---|
| 005 | 20251028170217.0 | ||
| 008 | 251028b |||||||| |||| 00| 0 eng d | ||
| 020 | _a9780323025669 | ||
| 050 |
_aRT55 _b.W56 |
||
| 100 | _aPreusser, Barbara A. | ||
| 245 |
_aWinningham and Preusser's Critical Thinking in Medical-Surgical Settings _ba Case Study Approach _cBarbara A. Preusser |
||
| 250 | _a3rd ed. | ||
| 260 |
_aSt. Louis _bElsevier Mosby _c2005 |
||
| 300 |
_axviii. 696p. _c27.5cm |
||
| 942 |
_2lcc _cBK _e3rd ed. _n0 |
||
| 999 |
_c7867 _d7867 |
||